<?xml version="1.0" encoding="UTF-8"?>
<record
    xmlns:xsi="http://www.w3.org/2001/XMLSchema-instance"
    xsi:schemaLocation="http://www.loc.gov/MARC21/slim http://www.loc.gov/standards/marcxml/schema/MARC21slim.xsd"
    xmlns="http://www.loc.gov/MARC21/slim">

  <leader>01426nam a22002057a 4500</leader>
  <controlfield tag="005">20210414113905.0</controlfield>
  <controlfield tag="008">111213t        xxu||||| |||| 00| 0 eng d</controlfield>
  <datafield tag="020" ind1=" " ind2=" ">
    <subfield code="a">0030268680</subfield>
  </datafield>
  <datafield tag="050" ind1=" " ind2=" ">
    <subfield code="a">HB172.5.B38</subfield>
  </datafield>
  <datafield tag="100" ind1=" " ind2=" ">
    <subfield code="a">Baumol, Wiilaim J.</subfield>
  </datafield>
  <datafield tag="245" ind1=" " ind2=" ">
    <subfield code="a">Macroeconomics: principles and policy 2001 update /</subfield>
    <subfield code="c">William J.Baumol and Alan S. Blinder</subfield>
  </datafield>
  <datafield tag="250" ind1=" " ind2=" ">
    <subfield code="a">8th ed.</subfield>
  </datafield>
  <datafield tag="260" ind1=" " ind2=" ">
    <subfield code="a">New York:</subfield>
    <subfield code="b">Harcourt;</subfield>
    <subfield code="c">1999.</subfield>
  </datafield>
  <datafield tag="300" ind1=" " ind2=" ">
    <subfield code="a">xxix, 419 p.</subfield>
    <subfield code="b">ill;</subfield>
    <subfield code="c">26cm.</subfield>
  </datafield>
  <datafield tag="500" ind1=" " ind2=" ">
    <subfield code="a">Includes index.</subfield>
  </datafield>
  <datafield tag="505" ind1=" " ind2=" ">
    <subfield code="a">Contents: What is economics -- The Use and misuse of graphs -- The Economy: Myth and reality -- Scarcity and choice: The Economic problems -- Supply and demand: An Initial look -- The Realm of macroeconomics -- The Goals of macroeconomic policy -- Income and spending: The Powerful consumer -- Demand side equilibrium: Unemployment or inflatioin? -- Change on the demand side: Multiplier analysis -- Supply side equilibrium: Unemployment and inflation -- Managing aggregate demand: Fiscal policy -- Money and the banking system -- Monetary policy and the national economy -- The  Debate over monetary policy -- Deficits, monetary policy and growth -- The Phillips curve and economic growth -- International trade and comparative advantage -- The International monetary system: Order or disorder? -- Exchange rates and the macroeconomy -- Glossary.</subfield>
  </datafield>
  <datafield tag="650" ind1=" " ind2=" ">
    <subfield code="a">Macroeconomics. </subfield>
  </datafield>
  <datafield tag="700" ind1=" " ind2=" ">
    <subfield code="a">Blinder, Alan S.</subfield>
  </datafield>
  <datafield tag="942" ind1=" " ind2=" ">
    <subfield code="2">lcc</subfield>
    <subfield code="c">BK</subfield>
  </datafield>
  <datafield tag="999" ind1=" " ind2=" ">
    <subfield code="c">385</subfield>
    <subfield code="d">7885</subfield>
  </datafield>
  <datafield tag="952" ind1=" " ind2=" ">
    <subfield code="0">0</subfield>
    <subfield code="1">0</subfield>
    <subfield code="2">lcc</subfield>
    <subfield code="4">0</subfield>
    <subfield code="7">0</subfield>
    <subfield code="a">WIUC-1</subfield>
    <subfield code="b">WIUC-1</subfield>
    <subfield code="c">GEN</subfield>
    <subfield code="d">2011-12-13</subfield>
    <subfield code="l">0</subfield>
    <subfield code="o">HB172.5.B38</subfield>
    <subfield code="p">982/11</subfield>
    <subfield code="r">2011-12-13 00:00:00</subfield>
    <subfield code="t">1</subfield>
    <subfield code="w">2011-12-13</subfield>
    <subfield code="y">BK</subfield>
  </datafield>
  <datafield tag="952" ind1=" " ind2=" ">
    <subfield code="0">0</subfield>
    <subfield code="1">0</subfield>
    <subfield code="2">lcc</subfield>
    <subfield code="4">0</subfield>
    <subfield code="7">0</subfield>
    <subfield code="a">WIUC-1</subfield>
    <subfield code="b">WIUC-1</subfield>
    <subfield code="c">GEN</subfield>
    <subfield code="d">2011-12-13</subfield>
    <subfield code="l">0</subfield>
    <subfield code="o">HB172.5.B381</subfield>
    <subfield code="p">983/11</subfield>
    <subfield code="r">2011-12-13 00:00:00</subfield>
    <subfield code="t">2</subfield>
    <subfield code="w">2011-12-13</subfield>
    <subfield code="y">BK</subfield>
  </datafield>
  <datafield tag="952" ind1=" " ind2=" ">
    <subfield code="0">0</subfield>
    <subfield code="1">0</subfield>
    <subfield code="2">lcc</subfield>
    <subfield code="4">0</subfield>
    <subfield code="7">0</subfield>
    <subfield code="a">WIUC-1</subfield>
    <subfield code="b">WIUC-1</subfield>
    <subfield code="c">GEN</subfield>
    <subfield code="d">2011-12-13</subfield>
    <subfield code="l">0</subfield>
    <subfield code="o">HB172.5.B382</subfield>
    <subfield code="p">984/11</subfield>
    <subfield code="r">2011-12-13 00:00:00</subfield>
    <subfield code="t">3</subfield>
    <subfield code="w">2011-12-13</subfield>
    <subfield code="y">BK</subfield>
  </datafield>
</record>
